| 000 | 00859cam a22002414a 4500 | ||
|---|---|---|---|
| 005 | 20131021043028.0 | ||
| 008 | 001026s2002 ctu b 001 0 eng | ||
| 020 | _a0275970116 | ||
| 020 | _a0275973069 | ||
| 041 | 0 | _aeng | |
| 080 |
_a32 _x(47) |
||
| 245 | 0 | 0 |
_aUnity or separation : _cedited by Daniel R. Kempton and Terry D. Clark. |
| 260 |
_aWestport, Conn. : _bPraeger, _c2002. |
||
| 300 |
_a336 p. ; _c24 cm. |
||
| 504 | _aIncludes bibliographical references and index. | ||
| 650 | 0 |
_aPolitika dhe qeverisja _zRusia (Federata) |
|
| 650 | 0 |
_aQeveria federale _zRusia (Federata) |
|
| 650 | 0 |
_aQeverisja lokale _zRussia _vCase studies. |
|
| 651 | 0 |
_aRussia (Federation) _xMarrëdhënie etnike |
|
| 700 | 1 | _aKempton, Daniel R. | |
| 700 | 1 |
_aClark, Terry D. _q(Terry Dee), _d1951- |
|
| 942 |
_2udc _cBK |
||
| 999 |
_c140 _d140 |
||